Last exit to Brooklyn / (Record no. 288576)
[ view plain ]
| 000 -LEADER | |
|---|---|
| fixed length control field | 00433nam a2200157 a 4500 |
| 003 - CONTROL NUMBER IDENTIFIER | |
| control field | PILC |
| 005 - DATE AND TIME OF LATEST TRANSACTION | |
| control field | 20150902142639.0 |
| 008 - FIXED-LENGTH DATA ELEMENTS--GENERAL INFORMATION | |
| fixed length control field | 030810s nyu 000 0 eng d |
| 050 00 - LIBRARY OF CONGRESS CALL NUMBER | |
| Classification number | PS 3569.E547 |
| Item number | .Se464 1964 |
| 100 1# - MAIN ENTRY--PERSONAL NAME | |
| Personal name | Selby, Hubert. |
| 245 10 - TITLE STATEMENT | |
| Title | Last exit to Brooklyn / |
| Statement of responsibility, etc | by Hubert Selby, Jr. |
| 250 ## - EDITION STATEMENT | |
| Edition statement | 1st pbk. ed. |
| 260 ## - PUBLICATION, DISTRIBUTION, ETC. (IMPRINT) | |
| Place of publication, distribution, etc | New York : |
| Name of publisher, distributor, etc | Grove Press, |
| Date of publication, distribution, etc | 1964. |
| 300 ## - PHYSICAL DESCRIPTION | |
| Extent | 311 pages ; |
| Dimensions | 18 cm. |
| 942 ## - ADDED ENTRY ELEMENTS (KOHA) | |
| Source of classification or shelving scheme | Library of Congress Classification |
| Koha item type | Books |
| Call number prefix | Foreign |
| Withdrawn status | Lost status | Source of classification or shelving scheme | Damaged status | Home library | Current library | Shelving location | Date acquired | Source of acquisition | Sub Shelving location | Total Checkouts | Full call number | Barcode | Date last seen | Price effective from | Koha item type |
|---|---|---|---|---|---|---|---|---|---|---|---|---|---|---|---|
| Library of Congress Classification | College Library | College Library | Fiction Section | 09/02/2015 | Donation | PS 3569.E547 .Se464 1964 | C19884 | 05/08/2018 | 09/02/2015 | Books |